| 000 | 00722nab a2200217 a 4500 | ||
|---|---|---|---|
| 005 | 20210219155340.0 | ||
| 008 | 991125s1985 mx 000 0 spa u | ||
| 035 | _aUPN01000143225 | ||
| 100 | 1 | _aAlfageme González, María Begoña | |
| 222 | _aREVISTA DE LA EDUCACION SUPERIOR | ||
| 245 | _aProgramas interuniversitarias para la mejora del proceso de enseñanza-aprendizaje de cursos en línea | ||
| 260 | _aMéxico | ||
| 300 | _a125-139 | ||
| 362 | 0 | _a2005 Vol. 34(2), no. 134, abr.-jun. | |
| 653 | 0 | _aNUEVAS TECNOLOGIAS | |
| 653 | 0 | _aTECNOLOGIA EDUCATIVA | |
| 653 | 0 | _aPROCESO ENSEÑANZA-APRENDIZAJE | |
| 653 | 0 | _aEDUCACION SUPERIOR | |
| 700 | 0 |
_aSolano Fernández, Isabel M., _ecoaut. |
|
| 905 | _aArticulo | ||
| 999 |
_c115372 _d115372 |
||